Capoluoghi che terminano con la A - Statistics

Statistiche generali
  • Questo quiz è stato fatto 123 volte
  • Il punteggio medio è 50 su 55
Statistiche sulle risposte
Popolazione (ab.) Regione Capoluogo % Corretto
94 027 Piemonte Alessandria
98%
100 907 Marche Ancona
98%
578 710 Liguria Genova
96%
33 915 Valle d'Aosta Aosta
94%
312 129 Sicilia Catania
94%
151 371 Puglia Foggia
94%
93 454 Liguria La Spezia
94%
165 763 Umbria Perugia
94%
260 802 Veneto Venezia
94%
94 410 Puglia Barletta
93%
390 294 Emilia-Romagna Bologna
93%
233 068 Sicilia Messina
93%
90 300 Toscana Pisa
93%
180 841 Calabria Reggio Calabria
93%
2 863 970 Lazio Roma
93%
257 683 Veneto Verona
93%
200 473 Lombardia Brescia
92%
75 459 Campania Caserta
92%
42 499 Liguria Imperia
92%
126 478 Lazio Latina
92%
60 459 Basilicata Matera
92%
197 132 Emilia-Romagna Parma
92%
172 245 Emilia Reggio Emilia
92%
69 270 Abruzzo L'Aquila
91%
49 445 Lombardia Mantova
91%
66 970 Basilicata Potenza
91%
34 133 Calabria Vibo Valentia
91%
44 098 Piemonte Biella
90%
27 036 Sicilia Enna
90%
41 776 Marche Macerata
90%
119 820 Abruzzo Pescara
90%
103 202 Emilia-Romagna Piacenza
90%
73 405 Sicilia Ragusa
90%
171 057 Emilia-Romagna Ravenna
90%
53 818 Toscana Siena
90%
61 302 Sicilia Caltanissetta
89%
21 685 Molise Isernia
89%
90 400 Toscana Lucca
89%
185 045 Emilia-Romagna Modena
89%
210 928 Veneto Padova
89%
90 118 Toscana Pistoia
89%
60 382 Liguria Savona
89%
121 318 Sicilia Siracusa
89%
111 620 Veneto Vicenza
89%
72 345 Calabria Cosenza
88%
34 453 Friuli-Venezia Giulia Gorizia
88%
72 037 Toscana Massa
88%
121 799 Lombardia Monza
88%
72 954 Lombardia Pavia
88%
30 709 Piemonte Verbania
88%
99 784 Puglia Andria
87%
103 971 Piemonte Novara
86%
72 334 Lombardia Cremona
84%
132 064 Emilia-Romagna Ferrara
83%
28 265 Sardegna Carbonia
62%
Nessun quiz corrispondente trovato
Distribuzione punteggi
Percentuale di utenti per punteggio
Percentile per numero di risposta
I tuoi punteggi nel tempo
Non hai fatto questo quiz